| 000 | 00610nam a2200169 i 4500 | ||
|---|---|---|---|
| 001 | 146348 | ||
| 003 | ES-MaACL | ||
| 005 | 20230906201513.0 | ||
| 007 | t| | ||
| 008 | 070907s1953 sp ||||1| spa d | ||
| 245 | 0 | 0 | _aTratado de amistad entre el Estado Español y la República de Siria. Damasco 18 de abril de 1952. |
| 260 |
_aMadrid : _b[s.n.], _c1953 ( _fImp. del Ministerio de Asuntos Exteriores) |
||
| 300 |
_a3 h. ; _c23 cm. |
||
| 500 | _aPrecede al tít.: Ministerio de Asuntos Exteriores. | ||
| 710 | 0 | 0 |
_aEspaña. _bMinisterio de Asuntos Exteriores. _93845 |
| 852 |
_aES-MaACL _j1959-F-17 _bR.34710 |
||
| 999 |
_c146348 _d146348 |
||